000 00386nam a2200145Ia 4500
008 230917s9999||||xx |||||||||||||| ||und||
040 _e172662
_aMAIN
041 _aEnglish
082 _a891.432741 SL41T
100 _aसहगल ललित
245 0 _aस्वप्न द्वीप
260 _aदिल्ली
_bउमेश
_c1978
300 _a128 p.
942 _cHN
999 _c193182
_d193182